ENGINEERING PHYSICS FOR DIPLOMA (Record no. 217024)
[ view plain ]
| 000 -LEADER | |
|---|---|
| fixed length control field | 00599nam a22001697a 4500 |
| 008 - FIXED-LENGTH DATA ELEMENTS--GENERAL INFORMATION | |
| fixed length control field | 260420b |||||||| |||| 00| 0 eng d |
| 022 ## - INTERNATIONAL STANDARD SERIAL NUMBER | |
| International Standard Serial Number | 978-93-89347-21-0 |
| 050 ## - LIBRARY OF CONGRESS CALL NUMBER | |
| Classification number | QC 23 B 48 2025 |
| 100 ## - MAIN ENTRY--PERSONAL NAME | |
| Personal name | BHUYAN, RANJAN KUMAR |
| 245 ## - TITLE STATEMENT | |
| Title | ENGINEERING PHYSICS FOR DIPLOMA |
| 250 ## - EDITION STATEMENT | |
| Edition statement | EASTERN ECONOMY |
| 260 ## - PUBLICATION, DISTRIBUTION, ETC. | |
| Place of publication, distribution, etc. | DELHI, |
| Name of publisher, distributor, etc. | PHI LEARNING PRIVATE LIMITED, |
| Date of publication, distribution, etc. | 2005, |
| 300 ## - PHYSICAL DESCRIPTION | |
| Extent | XV, 458 P, ILL |
| 650 ## - SUBJECT ADDED ENTRY | |
| Topical term or geographic name entry element | 1. Engineering physics-Textbooks 2. Applied physics-Textbooks 3. Optics-Textbooks 4. Electromagnetism-Textbooks 5. Quantum theory-textbooks |
| 942 ## - ADDED ENTRY ELEMENTS (KOHA) | |
| Source of classification or shelving scheme | Library of Congress Classification |
| Koha item type | Long Loan Book |
| Withdrawn status | Lost status | Source of classification or shelving scheme | Damaged status | Not for loan | Collection | Home library | Current library | Shelving location | Date acquired | Inventory number | Total checkouts | Full call number | Barcode | Date last seen | Copy number | Price effective from | Koha item type |
|---|---|---|---|---|---|---|---|---|---|---|---|---|---|---|---|---|---|
| Library of Congress Classification | Science & Technology | Kisii University Library | Kisii University Library | On Display | 04/20/2026 | 113088 | QC 23 . B 48 2025 | A001790 | 04/20/2026 | 1 | 04/20/2026 | Long Loan Book | |||||
| Library of Congress Classification | Science & Technology | Kisii University Library | Kisii University Library | On Display | 04/20/2026 | 113089 | QC 23 . B 48 2025 | A001789 | 04/20/2026 | 2 | 04/20/2026 | Long Loan Book | |||||
| Library of Congress Classification | Science & Technology | Kisii University Library | Kisii University Library | On Display | 04/20/2026 | 113090 | QC 23 . B 48 2025 | A001792 | 04/20/2026 | 3 | 04/20/2026 | Long Loan Book | |||||
| Library of Congress Classification | Science & Technology | Kisii University Library | Kisii University Library | On Display | 04/20/2026 | 113091 | QC 23 . B 48 2025 | A001791 | 04/20/2026 | 4 | 04/20/2026 | Long Loan Book |